Les Capétiens - Mort subite. - Statistiques

Statistiques générales
  • Ce quiz a été pris 337 fois
  • Le résultat moyen est 5 sur 15
Answers on the Grid
Answers color-coded by a green-red scale on the quiz's grid according to % correct below.
Philippe Ier
Philippe II
Philippe III
Philippe IV
Philippe V
Louis VI
Louis VII
Louis VIII
Louis IX
Louis X
Charles IV
Henri Ier
Jean Ier
Hugues
Robert II
Louis Ier
Louis II
Louis IV
Louis V
Louis XI
Louis XIII
Charlemagne
Charles III
Charles V
Jean II
Philippe VI
Raoul
François Ier
Henri II
Eudes
Robert Ier
Carloman II
 
Statistiques - réponses
Réponse % Correct
Hugues
65%
Louis IX
36%
Philippe III
36%
Philippe II
34%
Philippe Ier
32%
Philippe IV
32%
Jean Ier
31%
Louis VI
30%
Louis VIII
30%
Henri Ier
27%
Louis X
27%
Louis VII
26%
Philippe V
26%
Robert II
24%
Charles IV
23%
Aucun quiz correspondant
Distribution des résultats
% des personnes avec chaque résultat
Percentile par nombre de réponses
Votre historique - résultats
Vous n’avez pas pris ce quiz